00922nam a22002417a 450000500170000001000130001702000100003003500130004003700160005304000120006908200110008110000260009224500410011826000370015927000710019630000200026765000220028765000180030994200200032799900190034795201540036695201600052020170124110121.0 aA-436484 c00.00 aA-436484 bCen Lib/Ret aDPLbEN aNbSID aSidhwa, Bapsi 930616 aThe crow eaters /cby Bapsi Sidhwa  bPenguin Books c1990aNew Delhi  bNew Delhi a72-B, himalaya house 23, kasturba gandhi marg e110001 a283p.c19cm(Hb) aLiterature 96262 aNovel 922513 2ddccENhNmSID c131029d131029 04104070aLbLd2015-07-11eCen Lib/Retg0.00l0oN SIDpA-436484r2015-07-11 00:00:00t1v0.00w2015-07-11yENzW/d List No. 6850/11 : dtd 18/7/20 04104070aLbLd2015-07-13eCen Lib/Ret g0.00l0oN SIDpA-436483r2015-07-13 00:00:00t2v0.00w2016-09-15yENzW/d List No. 6862/11 ; dtd 06/08/2020